| 000 | 00000nam##2200000za#4500 |
| 001 | 9.699238 |
| 003 | CaOODSP |
| 005 | 20210625000306 |
| 007 | cr ||||||||||| |
| 008 | 150407|1968||||xxc|||||o f|0| 0 eng|d |
| 040 | |aCaOODSP|beng |
| 043 | |an-cn--- |
| 086 | 1 |aA53-545/1968E-PDF |
| 110 | 1 |aCanada.|bAgriculture Canada.|bResearch Branch. |
| 245 | 10|aGrowing flax |h[electronic resource] |
| 260 | |aOttawa - Ontario : |bAgriculture Canada. |cFirst printed 1936; revised 1946, 1963, 1968; reprinted 1969. |
| 300 | |a18p. |
| 500 | |aHistorical publication digitized by Agriculture and Agri-Food Canada. Édition française publiée sous le titre «La culture du lin». |
| 590 | |a14-11-Supp|b2014-05-21 |
| 690 | 07|aVegetable crops|2gcpds |
| 690 | 07|aFarming|2gcpds |
| 856 | 40|ahttp://publications.gc.ca|qPDF|s1.1 MB|uhttps://publications.gc.ca/collections/collection_2014/aac-aafc/agrhist/A53-545-1968-eng.pdf |
| 986 | |a545 |